000 00349nam a2200133Ia 4500
005 20260328101524.0
008 260328s9999||||xx |||||||||||||| ||und||
100 _aHawley, Willis D.
245 0 _aImproving the Quality of Urban Management /
_cWillis D. Hawley
260 _bSage Publications
300 _a639 p.
650 _aURBANISMO
942 _cBK
999 _c9715
_d9715